Online katalóg knižníc regiónu Turca

Efraim (Record no. 22746)

MARC details
000 -LEADER
fixed length control field 00742nam a22002531i 4500
001 - CONTROL NUMBER
control field 22746
003 - CONTROL NUMBER IDENTIFIER
control field SK-KTurca
005 - DATE AND TIME OF LATEST TRANSACTION
control field 20260422160949.0
008 - FIXED-LENGTH DATA ELEMENTS--GENERAL INFORMATION
fixed length control field 240126s1988 xo r 000 slo d
020 ## - INTERNATIONAL STANDARD BOOK NUMBER
Terms of availability 29,- Kčs
035 ## - SYSTEM CONTROL NUMBER
System control number (SVKBBclas03)vtls000099196
040 ## - CATALOGING SOURCE
Original cataloging agency SVKBB
Language of cataloging slo
Transcribing agency SVKBB
Description conventions AACR2
041 1# - LANGUAGE CODE
Language code of text/sound track or separate title slo
Language code of original ger
044 ## - COUNTRY OF PUBLISHING/PRODUCING ENTITY CODE
MARC country code xo
ISO country code SK
080 ## - UNIVERSAL DECIMAL CLASSIFICATION NUMBER
Universal Decimal Classification number 830-31=854
100 1# - MAIN ENTRY--PERSONAL NAME
Personal name Andersch, Alfred,
Dates associated with a name 1914-1980,
245 00 - TITLE STATEMENT
Title Efraim
Statement of responsibility, etc. Alfred Andersch; z nem. orig. prel. Magda Takáčová
250 ## - EDITION STATEMENT
Edition statement 1. vyd.
260 ## - PUBLICATION, DISTRIBUTION, ETC.
Place of publication, distribution, etc. Bratislava
Name of publisher, distributor, etc. Slovenský spisovateľ
Date of publication, distribution, etc. 1988
300 ## - PHYSICAL DESCRIPTION
Extent 290 s.
440 #0 - SERIES STATEMENT/ADDED ENTRY--TITLE
Title (Spoločnosť priateľov krásnych kníh
Volume/sequential designation Zv. 492)
700 1# - ADDED ENTRY--PERSONAL NAME
Personal name Takáčová, Magda,
Dates associated with a name 1924-2018,
Relator term prekl.
942 ## - ADDED ENTRY ELEMENTS (KOHA)
Source of classification or shelving scheme Dewey Decimal Classification
Koha item type Krásna literatúra pre dospelých
Suppress in OPAC No
Holdings
Stav vyradenia Strata Poškodenie Spôsob nadobudnutia Domovská knižnica Aktuálna knižnica Dátum nadobudnutia Total checkouts Čiarový kód exemplára Date last seen Typ exemplára
      Dar Obecná knižnica Folkušová Obecná knižnica Folkušová 22.04.2026   4734401075 22.04.2026 Krásna literatúra pre dospelých
Projekt je podporený Slovenskou asociáciou knižníc
Prevádzkuje Turčianska knižnica Martin 2026